00549nam a2200157Ia 4500008004100000020001500041082001600056100001900072245002700091260007600118300002700194490001300221942004700234952009500281999001500376250529s9999 xx 000 0 und d a9991571647 a891.4894SHI aIbrahim Shihab 0aShihaabuge Mazumoon IV aMale'bDhivehi Bahaai Thaareekhah Khidhumaiykuraa Qaumee Marukazuc1994 a320 p. : ill. ; 22 cm. vMalas 93 h891.4894iSHIcAD6891_489400000000000_SHI 93734aKFPLbKFPLcDHId2025-05-29l0o891.4894SHIpKL-2024-001121r2025-05-29 12:12:44yAD c3428d3428